书目信息 |
| 题名: |
食品保藏原理
|
|
| 作者: | 杨瑞 主编 | |
| 分册: | ||
| 出版信息: | 北京 化学工业出版社教材出版中心 2006 |
|
| 页数: | 192页 | |
| 开本: | 26cm | |
| 丛书名: | 食品科学与工程专业系列教材 | |
| 单 册: | ||
| 中图分类: | TS205-43 | |
| 科图分类: | ||
| 主题词: | 食品贮藏--shi pin zhu cang--高等学校--教材 , 食品保鲜--shi pin bao xian--高等学校--教材 | |
| 电子资源: | ||
| ISBN: | 7-5025-8031-X | |
| 000 | 01118nam0 2200289 45 | |
| 001 | 012006000794 | |
| 005 | 20061116100406.04 | |
| 010 | @a7-5025-8031-X@dCNY22.00 | |
| 100 | @a20060801d2006 em y0chiy0121 ea | |
| 101 | 0 | @achi |
| 102 | @aCN@b110000 | |
| 105 | @aak a 000yy | |
| 200 | 1 | @a食品保藏原理@Ashi pin bao cang yuan li@f杨瑞主编 |
| 210 | @a北京@c化学工业出版社教材出版中心@d2006 | |
| 215 | @a192页@c图@d26cm | |
| 225 | 2 | @a食品科学与工程专业系列教材@Ashi pin ke xue yu gong cheng zhuan ye xi lie jiao cai |
| 300 | @a高等学校教材 | |
| 320 | @a有书目 (第190-192页) | |
| 330 | @a本书阐述了食品保藏的目的、意义、食品腐败变质的原因和食吕保藏的基本原理的基础上, 介绍了食品的罐藏、低温保藏、气调保藏等方法, 对这些保藏技述的原理、方法、等进行了论述。 | |
| 333 | @a阅读对象: 高等院校相关专业师生及从事相关专业的人员 | |
| 410 | 0 | @12001 @a食品科学与工程专业系列教材 |
| 606 | 0 | @a食品贮藏@Ashi pin zhu cang@x高等学校@j教材 |
| 606 | 0 | @a食品保鲜@Ashi pin bao xian@x高等学校@j教材 |
| 690 | @aTS205-43@v4 | |
| 701 | 0 | @a杨瑞@Ayang rui@4主编 |
| 801 | 0 | @aCN@c20061116 |
| 905 | @apdsgxy@dTS205-43@eY253 | |
| 食品保藏原理/杨瑞主编.-北京:化学工业出版社教材出版中心,2006 |
| 192页:图;26cm.-(食品科学与工程专业系列教材) |
| 高等学校教材.-使用对象:阅读对象: 高等院校相关专业师生及从事相关专业的人员 |
| ISBN 7-5025-8031-X:CNY22.00 |
| 本书阐述了食品保藏的目的、意义、食品腐败变质的原因和食吕保藏的基本原理的基础上, 介绍了食品的罐藏、低温保藏、气调保藏等方法, 对这些保藏技述的原理、方法、等进行了论述。 |
| ● |
| 相关链接 |
|
|
|
正题名:食品保藏原理
索取号:TS205-43/Y253
 
预约/预借
| 序号 | 登录号 | 条形码 | 馆藏地/架位号 | 状态 | 备注 |
| 1 | 639018 | 206390181 | 期刊室512/501自科库 71排1列3层/ [索取号:TS205-43/Y253] | 在馆 | |
| 2 | 639019 | 206390190 | 自科库501/501自科库 71排1列3层/ [索取号:TS205-43/Y253] | 在馆 | |
| 3 | 639020 | 206390207 | 自科库501/501自科库 71排1列3层/ [索取号:TS205-43/Y253] | 在馆 |